Welcome to CU Library Online Public Access Catalogue (OPAC)

Your government failed you : (Record no. 3341)

MARC details
000 -LEADER
fixed length control field 01057cam a2200265 a 4500
001 - CONTROL NUMBER
control field 15108329
005 - DATE AND TIME OF LATEST TRANSACTION
control field 20250201100845.0
008 - FIXED-LENGTH DATA ELEMENTS--GENERAL INFORMATION
fixed length control field 071211s2008 nyu b 001 0 eng
020 ## - INTERNATIONAL STANDARD BOOK NUMBER
International Standard Book Number 9780061474620
020 ## - INTERNATIONAL STANDARD BOOK NUMBER
International Standard Book Number 0061474622
050 00 - LIBRARY OF CONGRESS CALL NUMBER
Classification number HV6432
Item number .C54 2008
082 00 - DEWEY DECIMAL CLASSIFICATION NUMBER
Classification number 355/.033073
Edition information 22
100 1# - MAIN ENTRY--PERSONAL NAME
Personal name Clarke, Richard A.
Fuller form of name (Richard Alan),
Dates associated with a name 1951-
245 10 - TITLE STATEMENT
Title Your government failed you :
Remainder of title breaking the cycle of national security disasters /
Statement of responsibility, etc. Richard A. Clarke.
250 ## - EDITION STATEMENT
Edition statement 1st ed.
260 ## - PUBLICATION, DISTRIBUTION, ETC.
Place of publication, distribution, etc. New York, NY :
Name of publisher, distributor, etc. Ecco,
Date of publication, distribution, etc. c2008.
300 ## - PHYSICAL DESCRIPTION
Extent 408 p. ;
Dimensions 24 cm.
650 #0 - SUBJECT ADDED ENTRY--TOPICAL TERM
Topical term or geographic name entry element Terrorism
General subdivision Government policy
Geographic subdivision United States.
650 #0 - SUBJECT ADDED ENTRY--TOPICAL TERM
Topical term or geographic name entry element National security
Geographic subdivision United States.
650 #0 - SUBJECT ADDED ENTRY--TOPICAL TERM
Topical term or geographic name entry element War on Terrorism, 2001-2009.
856 41 - ELECTRONIC LOCATION AND ACCESS
Materials specified Table of contents only
Uniform Resource Identifier <a href="http://www.loc.gov/catdir/toc/ecip086/2007050572.html">http://www.loc.gov/catdir/toc/ecip086/2007050572.html</a>
856 42 - ELECTRONIC LOCATION AND ACCESS
Materials specified Contributor biographical information
Uniform Resource Identifier <a href="http://www.loc.gov/catdir/enhancements/fy0911/2007050572-b.html">http://www.loc.gov/catdir/enhancements/fy0911/2007050572-b.html</a>
856 42 - ELECTRONIC LOCATION AND ACCESS
Materials specified Publisher description
Uniform Resource Identifier <a href="http://www.loc.gov/catdir/enhancements/fy0911/2007050572-d.html">http://www.loc.gov/catdir/enhancements/fy0911/2007050572-d.html</a>
942 ## - ADDED ENTRY ELEMENTS (KOHA)
Source of classification or shelving scheme Library of Congress Classification
Koha item type Books
Suppress in OPAC No
999 ## -
-- 3341
-- 3341
Holdings
Withdrawn status Lost status Source of classification or shelving scheme Damaged status Not for loan Collection Home library Current library Shelving location Date acquired Total checkouts Full call number Barcode Date last seen Price effective from Koha item type
    Library of Congress Classification     Non-fiction Law Library (Kumasi) Law Library (Kumasi) General stacks 02/01/2025   HV 6432.C54 CLA llk00000013 02/01/2025 02/01/2025 Books
© 2023-2024 Copyright: Central University Libraries. All Rights Reserved | Created by: Mahone Tech Office